Lectures on company law & competition act

محفوظ في:
التفاصيل البيبلوغرافية
المؤلف الرئيسي: Anantharaman, K. S
التنسيق: كتاب
منشور في: New Delhi : Wadhwa and Company Nagpur, 2003.
الطبعة:8th ed.
الموضوعات:
الوسوم: إضافة وسم
لا توجد وسوم, كن أول من يضع وسما على هذه التسجيلة!

MARC

LEADER 00000nam a22000007a 4500
020 |a NA  |c TZS 18,500/= 
040 |a MUL  |b eng  |e AACR 
082 |a 346.066 ANA 
100 |a Anantharaman, K. S 
245 |a Lectures on company law & competition act  |c / K. S. Anantharaman 
250 |a 8th ed. 
260 |a  New Delhi :   |b Wadhwa and Company Nagpur,  |c 2003. 
300 |a xxxiii, 379 p. ;   |c 24 cm 
500 |a "Part I - Lectures on Company Law" ... Part II - Lectures on Competition Act, 2002 (No.12 of 2003) ... Part III - Lectures on Securities (Contract) Regulation Act, 1956 (Simplified)"--Back cover 
504 |a Includes index 
546 |a eng 
650 |a Antitrust law  |z India 
650 |a Corporation law 
942 |c BK 
999 |c 1302  |d 1302